European countries domain - Statistics

General Stats
  • This quiz has been taken 13 times
  • The average score is 11 of 15
Answer Stats
Hint Answer % Correct
.fr France
100%
.de Germany
100%
.gr Greece
100%
.es Spain
100%
.ch Switzerland
100%
.is Iceland
92%
.fi Finland
83%
.pt Portugal
75%
.mk North Macedonia
67%
.ua Ukraine
67%
.li Liechtenstein
58%
.by Belarus
50%
.ba Bosnia
50%
.rs Serbia
50%
.mt Malta
42%
No matching quizzes found
Score Distribution
Percent of People with Each Score
Percentile by Number Answered
Your Score History
You have not taken this quiz